| 000 | 00504pam a2200205 a 4500 | ||
|---|---|---|---|
| 001 | 4833401 | ||
| 005 | 20180918040359.0 | ||
| 008 | 900306s1990 nyua 001 0 eng | ||
| 010 | _a 90012212 | ||
| 020 | _a0471616265 | ||
| 040 |
_aDLC _cDLC _dDLC |
||
| 041 | _aeng | ||
| 080 | _a515 SAL | ||
| 082 | 0 | 0 |
_a515 SAL _220 |
| 100 | 1 | _a36 | |
| 101 | _aMAT | ||
| 245 | 1 | 0 |
_aCalculus : _cS.L. Salas, Einar Hille. |
| 906 |
_a7 _bcbc _corignew _d1 _eocip _f19 _gy-gencatlg |
||
| 942 |
_2ddc _cBK |
||
| 999 |
_c47878 _d47878 |
||